02117nam a2200337 i 450000500170000000800410001702000150005804000350007304100080010808200160011624501680013225000220030026400370032230000250035933600270038433700330041133800280044449000460047250508720051865000440139065000300143465000280146465000310149265000440152365000340156765000290160170000600163070000620169094200120175299900150176420220317000213.0280320s2004 sp 0 sgr s spa d a8433019120 aCO-BoRNBPbspacCO-BoRNBPerda0 aspa04a306.85bF1513aLa familia, un valor culturalbtradiciones y educación en valores democráticosccoordinadoras María del Pilar Zeledón Ruiz y María Rosa Buxarrais Estrada aPrimera edición 1aBilbaobDesclee de Brouwerc2004 a196 páginasc21 cm atextobtxt2rdacontent asin mediaciónbn2rdamedia avolumenbnc2rdacarrier0 aAprendiendo a servEducación en valores1 aLas familias desde oriente y occidente -- Las familias desde el hinduismo / Ángel Moreu -- Las familias desde las corrientes heterodoxas: budismo y confucianismo / Ángel Moreu -- Las familias desde el judaísmo / María José Cano -- Los valores en la familia de tradición cristiana / Francesc Torralba -- La familia musulmana / Salah Jamal -- Las familias en la historia de América -- En la época prehispánica -- La educación en valores en mesoamérica: mayas y mexicas durante el postclásico / Meritxell Tous y Natalia Moragas -- Las familias en la historia de América: período incaico / M. Concepción Bravo -- En la época colonial -- La familia y la educación en México colonial / Pilar Gonzalbo Aizpuru -- Sociedades indígenas actuales -- En el ámbito amazónico / Isabel Miró -- Valores familiares / María Eugenia Bozzoli17aEducación para la vida familiar2LEMB17aHinduismoxFamilias2LEMB17aBudismoxFamilias2LEMB17aMusulmanesxFamilias2LEMB17aCristianismoxAspectos religiosos2LEMB14aComunidades indígenas2LEMB17aFamiliasxHistoria2LEMB1 aBuxarrais Estrada, María Rosa,eCoordinadoras91365371 aZeledón Ruiz, María del Pilar,eCoordinadoras9136538 2ddccBK c3387d3387